[Event "Fejer County-ch"]
[Site "Fejer Region"]
[Date "2016.11.20"]
[Round "7"]
[White "Fodor, Arpad"]
[Black "Czimer, Jozsef"]
[Result "1/2-1/2"]
[WhiteElo "1615"]
[BlackElo "1673"]
[PlyCount "72"]
[EventDate "2016.11.05"]
[EventType "swiss"]
[EventRounds "7"]
[EventCountry "HUN"]
[SourceTitle "EXT 2018"]
[Source "ChessBase"]
[SourceDate "2017.10.13"]
[SourceVersion "1"]
[SourceVersionDate "2017.10.13"]
[SourceQuality "1"]

1. e4 d6 2. d4 c5 3. c3 Nd7 4. f4 e6 5. Nf3 Be7 6. Be3 Ngf6 7. Bd3 a6 8. 0-0 b5 9. Nbd2 Ng4 10. Qe2 Nxe3 11. Qxe3 Bb7 12. Rae1 Qb6 13. Bb1 0-0-0 14. a3 d5 15. e5 h6 16. b4 c4 17. h3 Rdf8 18. f5 Kb8 19. h4 Qd8 20. g3 Nb6 21. Bc2 Bc8 22. Nh2 Bd7 23. Ng4 exf5 24. Bxf5 Be6 25. Bxe6 fxe6 26. Rf3 Rxf3 27. Nxf3 Rf8 28. Rf1 Na4 29. Nf2 Rf7 30. Nh3 Kc8 31. Nf4 Qd7 32. Rf2 Nb6 33. Ng6 Na8 34. Nh2 Rxf2 35. Qxf2 Qe8 36. h5 Nc7 1/2-1/2

[Event "Fejer County-ch"]
[Site "Fejer Region"]
[Date "2016.11.06"]
[Round "3"]
[White "Fodor, Arpad"]
[Black "Vegvari, Ferenc"]
[Result "0-1"]
[WhiteElo "1615"]
[BlackElo "1693"]
[PlyCount "120"]
[EventDate "2016.11.05"]
[EventType "swiss"]
[EventRounds "7"]
[EventCountry "HUN"]
[SourceTitle "EXT 2018"]
[Source "ChessBase"]
[SourceDate "2017.10.13"]
[SourceVersion "1"]
[SourceVersionDate "2017.10.13"]
[SourceQuality "1"]

1. e4 c5 2. c3 d6 3. d4 cxd4 4. cxd4 Nf6 5. Nc3 a6 6. Nf3 e6 7. Bd3 Be7 8. 0-0 b5 9. a3 Bb7 10. Re1 0-0 11. Qc2 Ne8 12. Be3 Nd7 13. Qb3 Nb6 14. Rad1 d5 15. Nd2 f5 16. exf5 exf5 17. Bf4 Nd6 18. Be5 Ndc4 19. Nf3 g5 20. Nd2 Qd7 21. Nf1 Na5 22. Qa2 b4 23. axb4 Bxb4 24. Re2 Rac8 25. Ng3 Nac4 26. Qb1 Nxe5 27. Rxe5 Qg7 28. Nxf5 Rxf5 29. Bxf5 Rf8 30. Bxh7+ Qxh7 31. Rxg5+ Kh8 32. Rd3 Bc8 33. Qd1 Rf6 34. Rdg3 Be6 35. Qh5 Bf7 36. Qxh7+ Kxh7 37. Rh3+ Rh6 38. Rf3 Be6 39. h3 Be7 40. Re5 Bd6 41. Re1 Nc4 42. Nd1 Nd2 43. Rd3 Ne4 44. g4 Bb4 45. Nc3 Bg8 46. Kg2 Rc6 47. Ree3 Bf7 48. f4 Bxc3 49. bxc3 Rb6 50. Kf3 a5 51. Rxe4 dxe4+ 52. Kxe4 Bc4 53. Rd2 Re6+ 54. Kf3 a4 55. f5 Rb6 56. d5 Rd6 57. Ke4 a3 58. Ke5 Rxd5+ 59. Rxd5 Bxd5 60. Kxd5 a2 0-1

[Event "Fejer County-ch"]
[Site "Fejer Region"]
[Date "2016.11.05"]
[Round "1"]
[White "Fodor, Arpad"]
[Black "Vasvari, Tamas"]
[Result "0-1"]
[WhiteElo "1615"]
[BlackElo "2121"]
[PlyCount "70"]
[EventDate "2016.11.05"]
[EventType "swiss"]
[EventRounds "7"]
[EventCountry "HUN"]
[SourceTitle "EXT 2018"]
[Source "ChessBase"]
[SourceDate "2017.10.13"]
[SourceVersion "1"]
[SourceVersionDate "2017.10.13"]
[SourceQuality "1"]

1. e4 c5 2. c3 Nf6 3. e5 Nd5 4. d4 cxd4 5. Nf3 Nc6 6. cxd4 d6 7. exd6 e6 8. Bc4 Bxd6 9. 0-0 0-0 10. a3 h6 11. Nc3 Bc7 12. Be3 Nb6 13. Ba2 Ne7 14. Rc1 Bd7 15. Ne4 Bc6 16. Qc2 Rc8 17. Bb1 f5 18. Nc5 Bxf3 19. gxf3 Rf6 20. Ba2 Ned5 21. Kh1 Qe8 22. Rg1 Qh5 23. Rg2 Bxh2 24. Qe2 Bf4+ 25. Kg1 Qh3 26. Nxe6 Rxe6 27. Rxc8+ Kh7 28. Bxd5 Nxd5 29. Qc4 Rg6 30. Rxg6 Bh2+ 31. Kh1 Bg3+ 32. Kg1 Qh2+ 33. Kf1 Nxe3+ 34. Ke2 Qxf2+ 35. Kd3 Nxc4 0-1